000 00756nam a2200241 a 4500
999 _c3403
_d3403
001 3403
003 BD-JhCC
005 20171113182930.0
008 171113s1980 bg |||| b||| 000 0 ben d
035 _a(BD-JhCC)3403
040 _aBD-JhCC
_dBD-JhCC
041 _aben
082 _a305.80095492
_bSAT 1980
100 _aসাত্তার, আব্দুস্
245 _aগারোদের সংস্কৃতিক ও ঐতিহ্য /
_cআব্দুস্ সাত্তার.
260 _aঢাকা :
_bবাংলা একাডেমী,
_c1980.
300 _a143 p. :
_c21 cm.
504 _aIncludes Bibliographical Reference.
650 _aTribal Culture
650 _aGaros
942 _2ddc
_cBK